| 000 -ლიდერი |
| ფიქსირებული სიგრძის საკონტროლო ველი |
01794nam a2200253Ia 4500 |
| 001 - საკონტროლო ნომერი |
| საკონტროლო ველი |
13117 |
| 003 - საკონტროლო ნომრის იდენტიფიკატორი |
| საკონტროლო ველი |
GE_BSU |
| 005 - ბოლო ოპერაციის თარიღი და დრო |
| საკონტროლო ველი |
20240830170325.0 |
| 008 - ფიქსირებული სიგრძის მონაცემთა ელემენტები - ზოგადი ინფორმაცია |
| ფიქსირებული სიგრძის საკონტროლო ველი |
181216s2014||||ge |||||||||||||| ||geo|| |
| 040 ## - კატალოგიზაციის წყარო |
| Transcribing agency |
GE_BSU |
| 041 ## - ენის კოდი |
| Language code of text/sound track or separate title |
geo |
| 080 ## - უნივერსალური ათობითი კლასიფიკაციის ინდექსი |
| Universal Decimal Classification number |
821.353.1(09) ნ-63 |
| 100 ## - მთავარი ჩანაწერი - პიროვნების სახელი |
| Personal name |
ნიკოლეიშვილი, ავთანდილ |
| 9 (RLIN) |
296 |
| 245 ## - ცნობა სათაურის შესახებ |
| Title |
ქართველ მწერალთა ეროვნულ-პოლიტიკური მრწამსი : |
| Remainder of title |
ორტომეული. ტ. 1 / |
| Statement of responsibility, etc |
ავთანდილ ნიკოლეიშვილი ; რედ. : ელგუჯა თავბერიძე, სულხან კუპრაშვილი. |
| 264 ## - წარმოების, გამოცემის, დისტრიბუციის და სხვა ცნობები |
| გამოცემის, წარმოების, დისტრიბუციის... ადგილი |
ქუთაისი : |
| გამოცემის, წარმოების, დისტრიბუციის... სახელწოდება |
საგამომცემლო ცენტრი, |
| გამოცემის, წარმოების, დისტრიბუციის... თარიღი |
2014. |
| 300 ## - ფიზიკური აღწერა |
| Extent |
572 გვ. ; |
| Dimensions |
21 სმ. |
| 500 ## - ზოგადი შენიშვნა |
| General note |
გარეკანზე და სუპერზე სათ. : ორტომეული |
| 500 ## - ზოგადი შენიშვნა |
| General note |
წიგნი გამოიცა ქუთაისის მერიის კულტურის, სპორტის, ძეგლთა დაცვისა და ახალგაზრდობის საქ. სამსახურის ფინანსური მხარდაჭერით |
| 653 ## - INDEX TERM--UNCONTROLLED |
| Uncontrolled term |
ქართველ მწერალთა ეროვნულ-პოლიტიკური მრწამსი |
| 653 ## - INDEX TERM--UNCONTROLLED |
| Uncontrolled term |
ძველი ქართული მწერლობის ისტორია და კრიტიკა |
| 700 ## - ADDED ENTRY--PERSONAL NAME |
| Personal name |
თავბერიძე, ელგუჯა |
| Relator term |
რედაქტორი |
| 9 (RLIN) |
23150 |
| 700 ## - ADDED ENTRY--PERSONAL NAME |
| Personal name |
კუპრაშვილი, სულხან |
| Relator term |
რედაქტორი |
| 9 (RLIN) |
11459 |
| 942 ## - ADDED ENTRY ELEMENTS (KOHA) |
| Koha item type |
წიგნი |
| Source of classification or shelving scheme |
|